000 00321nam a22001337a 4500
008 180824b xxu||||| |||| 00| 0 eng d
020 _a9780073048048
041 _aeng
080 _28 ED
_a541
100 _a13
101 _aKIM
245 _aCHEMISTRY STUDENT SOLUTION MANULA CUSTOMIZED
_cCHNAG.R
942 _2udc
_cBK
999 _c47305
_d47305